Ukraina
| Titel: | Ukraina : wyrwać się z przeszłości / Jarosław Hrycak ; z ukraińskiego przełożyły Katarzyna Kotyńska, Joanna Majewska-Grabowska |
|---|---|
| Verfasser: | |
| Beteiligt: | ; |
| Veröffentlicht: | Kraków : Międzynarodowe Centrum Kultury, 2023 |
| Umfang: | 595, [5] Seiten : Illustrationen, Karten, Diagramme ; 22 cm. |
| Format: | Buch |
| Sprache: | Polnisch |
| Schriftenreihe/ mehrbändiges Werk: |
Biblioteka Europy Środka |
| Einheitssachtitel: | Podolati minule |
| ISBN: | 9788366419520 ; 8366419525 |
| Hinweise zum Inhalt: |
Inhaltsverzeichnis
Buch Bibliographie Cover Register Abstract |
alg: 51550675 001A $03019:12-02-24 001B $01999:04-12-25 $t22:12:56.000 001D $03019:12-02-24 001U $0utf8 001X $00 002@ $0Aau 002C $aText $btxt $2rdacontent 002D $aohne Hilfsmittel zu benutzen $bn $2rdamedia 002E $aBand $bnc $2rdacarrier 003@ $0515506753 003O $01430213737 $aOCoLC 004A $A978-83-66419-52-0 $f((oprawa twarda)) 004A $083-66419-52-5 006C $01396684432 $aOCoLC 007A $0515506753 $aHEB 007G $0DE0202943D77F54CACB09C1258B540040C7FA 009P $qapplication/pdf $A2 $3Inhaltsverzeichnis $uhttp://scans.hebis.de/HEBCGI/show.pl?51550675_toc.pdf $mV:DE-603;B:DE-Mb50 009P $qapplication/pdf $A2 $3Buch Bibliographie $uhttp://scans.hebis.de/HEBCGI/show.pl?51550675_bib.pdf $mV:DE-603;B:DE-Mb50 009P $qapplication/pdf $A2 $3Cover $uhttp://scans.hebis.de/HEBCGI/show.pl?51550675_cov.pdf $mV:DE-603;B:DE-Mb50 009P $qapplication/pdf $A2 $3Register $uhttp://scans.hebis.de/HEBCGI/show.pl?51550675_idx.pdf $mV:DE-603;B:DE-Mb50 009P $qapplication/pdf $A2 $3Abstract $uhttp://scans.hebis.de/HEBCGI/show.pl?51550675_sum.pdf $mV:DE-603;B:DE-Mb50 010@ $apol $cukr 011@ $a2023 $n2023 021A $aUkraina $dwyrwać się z przeszłości $hJarosław Hrycak ; z ukraińskiego przełożyły Katarzyna Kotyńska, Joanna Majewska-Grabowska 022A $aPodolati minule 028A $BVerfasser $#Грицак, Ярослав Йосипович $#Hrycak, Jaroslav $#Gricak, Jaroslav $#Grycak, Jaroslav I. $#Grycak, Jarosław $#Hrycak, Jarosław $#Hryzak, Jaroslaw $#Hrycak, Jaroslav J. $#Hrytsak, Iaroslav Iosypovych $#Grytsak, Iaroslav Iosifovich $#Hrytsak, Yaroslav $#Грицак, Ярослав $4aut $717365049X $8Hrycak, Jaroslav Josypovyč$Z1960- [Tp3] $9297821768 028C $BÜbersetzer $4trl $71098351282 $8Kotyńska, Katarzyna$Z1973- [Tp3] $9378925490 028C $BÜbersetzer $4trl $8Majewska, Joanna [Tnu] $9447161431 033A $pKraków $nMiędzynarodowe Centrum Kultury 034D $a595, [5] Seiten 034I $a22 cm. 034M $aIllustrationen, Karten, Diagramme 036G $aBiblioteka Europy Środka 037A $aLiteraturverzeichnis Seite 541-582. Personenregister. 044A $aUkraina $2dbn $S#7 $N651 044A $aUkraińcy $2dbn $S#7 $N650 044A $aOpracowanie $2dbn $S#7 $N655 044K $RUkrainische SSR $#Ukraine $#Ukraine $#Ukraine $#Украïна $#Ukrainische SSR $#Ukrajina $#Ukraina $#Ukraïna Ukraine $#Ukraina Ukraine $#Ukrajna $74061496-7 $8Ukraine [Tg1] $9085170801 045F $a900.9477 $eDDC23BSB 045F/01 $a900 045F/03 $g477 045R $aGeschichte lok: 51550675 24 exp: 51550675 24 1 #EPN 201B/01 $025-04-24 $t13:46:54.000 201C/01 $016-04-24 201U/01 $0utf8 203@/01 $01261297571 208@/01 $a25-04-24 $bz 209A/01 $a24.01965 $du $f050 $h24 01965 $x00 209C/01 $a24.01965 K $h24 01965 K 209G/01 $a74885306 $x00 220C/01 $ahae 247C/01 $8358050-7Marburg, Bibliothek des Herder-Instituts Marburg $9102600961 lok: 51550675 66 exp: 51550675 66 1 #EPN 201B/01 $012-02-24 $t12:02:26.000 201C/01 $012-02-24 201U/01 $0utf8 203@/01 $01256343714 208@/01 $a12-02-24 $bz 209A/01 $aG Ukr/Hr $du $f000 $x00 209C/01 $a23/l1388G 247C/01 $8618123-5 Darmstadt, Bibliothek des Deutschen Polen-Instituts $9102600902
| LEADER | 00000cam a2200000 c 4500 | ||
|---|---|---|---|
| 001 | 515506753 | ||
| 003 | DE-603 | ||
| 005 | 20251204221256.0 | ||
| 007 | tu | ||
| 008 | 240212s2023 xx |||| | u00||u|pol c | ||
| 020 | |a 9788366419520 |c ((oprawa twarda)) | ||
| 020 | |a 8366419525 | ||
| 035 | |a (DE-599)HEB515506753 | ||
| 035 | |a (OCoLC)1430213737 | ||
| 040 | |a DE-603 |b ger |c DE-603 |d DE-603 | ||
| 041 | |a pol |h ukr | ||
| 082 | 0 | 4 | |8 1\u |a 900.9477 |q DE-101 |2 23/BSB |
| 085 | |8 1\u |b 900 | ||
| 085 | |8 1\u |z 2 |s 477 | ||
| 100 | 1 | |a Hrycak, Jaroslav Josypovyč |d 1960- |e Verfasser |4 aut |0 (DE-603)297821768 |0 (DE-588)17365049X |2 gnd | |
| 240 | 1 | 0 | |a Podolati minule |
| 245 | 0 | 0 | |a Ukraina |b wyrwać się z przeszłości |c Jarosław Hrycak ; z ukraińskiego przełożyły Katarzyna Kotyńska, Joanna Majewska-Grabowska |
| 264 | 1 | |a Kraków |b Międzynarodowe Centrum Kultury |c 2023 | |
| 300 | |a 595, [5] Seiten |b Illustrationen, Karten, Diagramme |c 22 cm. | ||
| 336 | |a Text |b txt |2 rdacontent | ||
| 337 | |a ohne Hilfsmittel zu benutzen |b n |2 rdamedia | ||
| 338 | |a Band |b nc |2 rdacarrier | ||
| 490 | 0 | |a Biblioteka Europy Środka | |
| 500 | |a Literaturverzeichnis Seite 541-582. Personenregister. | ||
| 648 | 7 | |a Geschichte |2 gnd | |
| 651 | 7 | |a Ukraine |0 (DE-588)4061496-7 |0 (DE-603)085170801 |2 gnd | |
| 700 | 1 | |a Kotyńska, Katarzyna |d 1973- |e Übersetzer |4 trl |0 (DE-603)378925490 |0 (DE-588)1098351282 |2 gnd | |
| 700 | 1 | |a Majewska, Joanna |e Übersetzer |4 trl |0 (DE-603)447161431 | |
| 856 | 4 | 2 | |m V:DE-603;B:DE-Mb50 |q application/pdf |u http://scans.hebis.de/HEBCGI/show.pl?51550675_toc.pdf |3 Inhaltsverzeichnis |
| 856 | 4 | 2 | |m V:DE-603;B:DE-Mb50 |q application/pdf |u http://scans.hebis.de/HEBCGI/show.pl?51550675_bib.pdf |3 Buch Bibliographie |
| 856 | 4 | 2 | |m V:DE-603;B:DE-Mb50 |q application/pdf |u http://scans.hebis.de/HEBCGI/show.pl?51550675_cov.pdf |3 Cover |
| 856 | 4 | 2 | |m V:DE-603;B:DE-Mb50 |q application/pdf |u http://scans.hebis.de/HEBCGI/show.pl?51550675_idx.pdf |3 Register |
| 856 | 4 | 2 | |m V:DE-603;B:DE-Mb50 |q application/pdf |u http://scans.hebis.de/HEBCGI/show.pl?51550675_sum.pdf |3 Abstract |
| 924 | 0 | |9 Mb 50 |a (DE-603)1261297571 |b DE-Mb50 |c HES |d c |g 24.01965 | |
| 924 | 0 | |9 Ds 123 |a (DE-603)1256343714 |b DE-Ds123 |c HES |d d |g G Ukr/Hr | |


